| 000 | 00958nam a22001937a 4500 | ||
|---|---|---|---|
| 999 |
_c63867 _d63867 |
||
| 003 | Ge_BSU | ||
| 005 | 20260209161344.0 | ||
| 008 | 260209s1954 ge ||||| |||| 00| 0 geo d | ||
| 041 | _ageo | ||
| 080 | _a330.31(47+57) ი-53 | ||
| 100 |
_aინწკირველი, ს. _926847 |
||
| 245 |
_aსოციალისტური კვლავწარმოება და ნაციონალური შემოსავალი სსრ კავშირში / _cს. ინწიკვრელი. |
||
| 264 |
_aთბილისი : _b სახელგამი, _c1954. |
||
| 300 |
_a112 გვ. ; _b21 სმ. |
||
| 504 | _aბიბლიოგრ. შენიშვნებში. | ||
| 653 | _aსოციალისტური კვლავწარმოება | ||
| 653 | _aნაციონალური შემოსავალი სსრ კავშირში. | ||
| 942 |
_2udc _cᲬᲘᲒᲜᲘ |
||